<?xml version="1.0" encoding="UTF-8"?><?xml-stylesheet type="text/xsl" href="static/style.xsl"?><OAI-PMH xmlns="http://www.openarchives.org/OAI/2.0/" xmlns:xsi="http://www.w3.org/2001/XMLSchema-instance" xsi:schemaLocation="http://www.openarchives.org/OAI/2.0/ http://www.openarchives.org/OAI/2.0/OAI-PMH.xsd"><responseDate>2026-06-01T10:45:42Z</responseDate><request verb="GetRecord" identifier="oai:riuma.uma.es:10630/18558" metadataPrefix="marc">https://riuma.uma.es/rest/oai/request</request><GetRecord><record><header><identifier>oai:riuma.uma.es:10630/18558</identifier><datestamp>2026-02-03T12:31:07Z</datestamp><setSpec>com_10630_2254</setSpec><setSpec>col_10630_37959</setSpec></header><metadata><record xmlns="http://www.loc.gov/MARC21/slim" xmlns:dcterms="http://purl.org/dc/terms/" xmlns:doc="http://www.lyncode.com/xoai" xmlns:xsi="http://www.w3.org/2001/XMLSchema-instance" xsi:schemaLocation="http://www.loc.gov/MARC21/slim http://www.loc.gov/standards/marcxml/schema/MARC21slim.xsd">
   <leader>00925njm 22002777a 4500</leader>
   <datafield ind2=" " ind1=" " tag="042">
      <subfield code="a">dc</subfield>
   </datafield>
   <datafield ind2=" " ind1=" " tag="720">
      <subfield code="a">Blázquez-Parra, Elidia Beatriz</subfield>
      <subfield code="e">author</subfield>
   </datafield>
   <datafield ind2=" " ind1=" " tag="720">
      <subfield code="a">Ladrón-de-Guevara-López, Isidro</subfield>
      <subfield code="e">author</subfield>
   </datafield>
   <datafield ind2=" " ind1=" " tag="720">
      <subfield code="a">Marín-Granados, Manuel Damián</subfield>
      <subfield code="e">author</subfield>
   </datafield>
   <datafield ind2=" " ind1=" " tag="260">
      <subfield code="c">2019-10-11</subfield>
   </datafield>
   <datafield ind2=" " ind1=" " tag="520">
      <subfield code="a">El grado constituye el primer nivel de los estudios universitarios. En él se incluyen las enseñanzas básicas junto con otras materias orientadas a la formación del futuro ingeniero. En este artículo se realiza un estudio de la participación académica del área de Expresión Gráfica en la Ingeniería en el Grado en Ingeniería en Tecnologías Indusriales a nivel nacional en universidades públicas y privadas. Como resultado se puede observar una diferencia en la participación de esta área en las universidades públicas con respecto a las privadas; así la Universidad Politécnica de Valencia realiza una mayor oferta mientras que alguna privada, como la Universidad de Navarra y Deusto, solo oferta 6 créditos. Finalmente, se muestra una comparativa mediante gráficos de la participación y situación en las distintas universidades. Por otra parte, a nivel local también se analiza la relación con diferentes materias del plan de estudios de la Universidad de Málaga, a través de su plan docente, teniendo en cuenta los itinerarios y temporización. Los resultados muestran como la mayor relación de las asignaturas del área de Expresión Gráfica en la Ingeniería están más vinculadas a itinerarios de Electricidad, Estructuras y Materiales y, por último, Mecánica y Máquinas.</subfield>
   </datafield>
   <datafield ind1="8" ind2=" " tag="024">
      <subfield code="a">https://hdl.handle.net/10630/18558</subfield>
   </datafield>
   <datafield tag="653" ind2=" " ind1=" ">
      <subfield code="a">Ingeniería industrial</subfield>
   </datafield>
   <datafield ind2="0" ind1="0" tag="245">
      <subfield code="a">Comparativa y análisis de la Ingeniería Gráfica en el Grado en Ingeniería en Tecnologías Industriales</subfield>
   </datafield>
</record>
</metadata></record></GetRecord></OAI-PMH>